<?xml version="1.0" encoding="utf-8"?>
<?xml-stylesheet type='text/xsl' href='./oai2.xsl'?>
<OAI-PMH xmlns="http://www.openarchives.org/OAI/2.0/" xmlns:xsi="http://www.w3.org/2001/XMLSchema-instance" xsi:schemaLocation="http://www.openarchives.org/OAI/2.0/ http://www.openarchives.org/OAI/2.0/OAI-PMH.xsd">
  <responseDate>2026-06-03T21:55:14Z</responseDate>
  <request verb="GetRecord" metadataPrefix="marcxml" identifier="record_kuniweb_74934">https://kulturerbe.niedersachsen.de/oai</request>
  <GetRecord>
    <record>
      <header>
        <identifier>record_kuniweb_74934</identifier>
        <datestamp>2026-03-31T19:09:18Z</datestamp>
        <setSpec>slg0220</setSpec>
      </header>
      <metadata>
        <marc:record xmlns:marc="http://www.loc.gov/MARC21/slim" xsi:schemaLocation="http://www.loc.gov/MARC21/slim http://www.loc.gov/standards/marcxml/schema/MARC21slim.xsd">
          <marc:leader>12345nrm  22     uu 4500</marc:leader>
          <marc:controlfield tag="001">74934</marc:controlfield>
          <marc:controlfield tag="003">http://kuniweb.gbv.de</marc:controlfield>
          <marc:controlfield tag="005">2021-06-07T10:10:48</marc:controlfield>
          <marc:controlfield tag="008">|           ||||||||||||||||||||||</marc:controlfield>
          <marc:datafield tag="245" ind1="1" ind2="0">
            <marc:subfield code="a">Handdrehmühle aus Basaltlava</marc:subfield>
          </marc:datafield>
          <marc:datafield tag="655" ind1=" " ind2="7">
            <marc:subfield code="a">Archäologie</marc:subfield>
          </marc:datafield>
          <marc:datafield tag="046" ind1=" " ind2=" ">
            <marc:subfield code="k">0650</marc:subfield>
            <marc:subfield code="k">Frühmittelalter</marc:subfield>
            <marc:subfield code="l">0750</marc:subfield>
          </marc:datafield>
          <marc:datafield tag="260" ind1=" " ind2=" ">
            <marc:subfield code="g">0650</marc:subfield>
            <marc:subfield code="g">0750</marc:subfield>
            <marc:subfield code="g">Frühmittelalter</marc:subfield>
          </marc:datafield>
          <marc:datafield tag="300" ind1=" " ind2=" ">
            <marc:subfield code="a">Länge: 9,8 cm
Breite: 4,8 cm
Dicke: 2,1 cm</marc:subfield>
          </marc:datafield>
          <marc:datafield tag="520" ind1=" " ind2=" ">
            <marc:subfield code="a">Die Stärke des Stückes ist mit 1,8-2,1 cm im unteren Bereich der bislang beobachteten Werte, wobei man einen mehr oder minder starken Abrieb im Laufe seiner Nutzung berücksichtigen muss. Bei etwa 2 cm langen und 0,5 cm breiten Vertiefungen kann es sich um Spuren der Schärfung handeln, zumal sie nur an einer Seite des Bruchstückes vorkommen.
Fragment aus Basaltlava dürfte ehemals zu einer Handmühle zur Getreideverarbeitung gehört haben. Bisherige Untersuchungen an Handelsorten wie Haithabu und Dorestad belegen als Herkunftsgebiet das Rheinland bzw. die Vulkaneifel. Basaltlavamühlen waren ein begehrtes Handelsgut, dass sich durch seine leichte Bearbeitung, den geringen Steinabrieb und die guten Mahlergebnisse auszeichnete. Handmühlen aus Basaltlava sind seit der Römischen Kaiserzeit nachweisbar und gehören zum gängigen Inventar in ländlich geprägten frühmittelalterlichen Siedlungen Norddeutschlands. Der Fundplatz Wittorf liegt im allgemein gängigen Verbreitungsbild, wobei eine Häufung der Funde in Schleswig-Holstein zu beobachten ist. (Kreisarchäologie Rotenburg)

Verwendungszweck:
Drehmühle</marc:subfield>
          </marc:datafield>
          <marc:datafield tag="650" ind1="1" ind2=" ">
            <marc:subfield code="a">Mühle</marc:subfield>
          </marc:datafield>
          <marc:datafield tag="650" ind1="1" ind2=" ">
            <marc:subfield code="a">Lebensmittelherstellung, Lebensmittelbearbeitung &gt; Mühle</marc:subfield>
          </marc:datafield>
          <marc:datafield tag="650" ind1="1" ind2=" ">
            <marc:subfield code="a">Stampfgeräte/Mahlgeräte</marc:subfield>
          </marc:datafield>
          <marc:datafield tag="773" ind1="0" ind2=" ">
            <marc:subfield code="t">Archäologische Funde aus dem Landkreis Rotenburg (Wümme)</marc:subfield>
          </marc:datafield>
          <marc:datafield tag="852" ind1=" " ind2=" ">
            <marc:subfield code="a">Kreisarchäologie Rotenburg</marc:subfield>
          </marc:datafield>
          <marc:datafield tag="852" ind1=" " ind2=" ">
            <marc:subfield code="a">Wittorf (Visselhövede, Rotenburg (Wümme), Niedersachsen)</marc:subfield>
          </marc:datafield>
          <marc:datafield tag="" ind1=" " ind2=" ">
            <marc:subfield code="a">Namensnennung - Weitergabe unter gleichen Bedingungen 4.0 International (CC BY-SA 4.0)</marc:subfield>
          </marc:datafield>
        </marc:record>
      </metadata>
    </record>
  </GetRecord>
</OAI-PMH>
